000 00636nam a22001817a 4500
999 _c20898
_d20898
003 OSt
005 20240827142111.0
008 240827b ||||| |||| 00| 0 eng d
040 _c0
082 _aDPer 379.1 J826 Winter-Spring 2021 v. 46, n. 3-4
100 _aLaCost, Barbara.
_eauthor.
_958994
245 _aNebraska /
_cBarbara LaCost and Clayton Waddle.
260 _aIllinois, United States;
_bUniversity of Illinois Press and Johns Hopkins University Press,
_cWinter 2021.
300 _aVolume 46, pages 313-315.
700 _aLaCost, Barbara.
_eauthor.
_958994
700 _aWaddle, Clayton.
_eauthor.
_958995
942 _2ddc
_cPER